Teória riadenia cvičenia

Salvato in:
Dettagli Bibliografici
Autore principale: Kadlečíková, Mária
Altri autori: Malejčík, A.
Natura: Libro
Lingua:slovacco
Pubblicazione: Nitra Vysoká škola poľnohospodárska 1979
Tags: Aggiungi Tag
Nessun Tag, puoi essere il primo ad aggiungerne!!

MARC

LEADER 00000nam a2200000 4500
001 c126158
005 20190107130653.2
041 0 |a slo 
044 |a SK 
245 1 0 |a Teória riadenia  |b cvičenia  |c Mária Kadlečíková, Albín Malejčík 
264 1 |a Nitra  |b Vysoká škola poľnohospodárska  |c 1979 
300 |a 169 s. 
100 1 |a Kadlečíková, Mária 
700 1 |a Malejčík, A.